Physical Chemistry (Record no. 610933)
[ view plain ]
| 000 -LEADER | |
|---|---|
| fixed length control field | 00425nam a22001457a 4500 |
| 020 ## - INTERNATIONAL STANDARD BOOK NUMBER | |
| International Standard Book Number | 978-81-309-1919-5 |
| 082 ## - DEWEY DECIMAL CLASSIFICATION NUMBER | |
| Classification number | 541 MCO 2013 |
| 100 ## - MAIN ENTRY--PERSONAL NAME | |
| Personal name | Donald A. McQuarrie |
| Titles and words associated with a name | John. D. Simon |
| 245 ## - TITLE STATEMENT | |
| Title | Physical Chemistry |
| Remainder of title | A Molecular Approach |
| Statement of responsibility, etc. | Donald A. McQuarrie |
| 250 ## - EDITION STATEMENT | |
| Edition statement | Viva Student Edition |
| 260 ## - PUBLICATION, DISTRIBUTION, ETC. | |
| Place of publication, distribution, etc. | India |
| Name of publisher, distributor, etc. | Viva Books Pvt. |
| Date of publication, distribution, etc. | 2013 |
| 300 ## - PHYSICAL DESCRIPTION | |
| Extent | 1270 |
| Other physical details | Pb. |
| 880 ## - ALTERNATE GRAPHIC REPRESENTATION | |
| Title | Physical Chemistry |
| 942 ## - ADDED ENTRY ELEMENTS (KOHA) | |
| Source of classification or shelving scheme | |
| Koha item type | Book |
| Withdrawn status | Lost status | Source of classification or shelving scheme | Damaged status | Not for loan | Permanent Location | Current Location | Shelving location | Date acquired | Shelving control number | Total Checkouts | Total Renewals | Full call number | Barcode | Date last seen | Date last checked out | Price effective from | Koha item type |
|---|---|---|---|---|---|---|---|---|---|---|---|---|---|---|---|---|---|
| School of Natural Sciences (SNS) | School of Natural Sciences (SNS) | General Stacks | Book Cart | 1 | 1 | 541 MCO 2013 | SNS0002255 | 11/13/2024 | 08/15/2024 | 08/15/2024 | Book |
